Migration, urbanization, and development (Record no. 589815)

MARC details
000 -LEADER
fixed length control field 00855nam a2200265Ia 4500
003 - CONTROL NUMBER IDENTIFIER
control field OSt
005 - DATE AND TIME OF LATEST TRANSACTION
control field 20220925231930.0
008 - FIXED-LENGTH DATA ELEMENTS--GENERAL INFORMATION
fixed length control field 220923b |||||||| |||| 00| 0 eng d
037 ## - SOURCE OF ACQUISITION
Terms of availability General Book
040 ## - CATALOGING SOURCE
Original cataloging agency RTL
Transcribing agency RTL
Language of cataloging eng
041 ## - LANGUAGE CODE
Source of code eng
Language code of text/sound track or separate title eng
100 ## - MAIN ENTRY--PERSONAL NAME
Personal name Bilsborrow Richard E Ed.
9 (RLIN) 296383
245 #0 - TITLE STATEMENT
Title Migration, urbanization, and development
Remainder of title New directions and issues
260 ## - PUBLICATION, DISTRIBUTION, ETC.
Place of publication, distribution, etc. Massachusetts
Name of publisher, distributor, etc. Kluwer Academic publishers
Date of publication, distribution, etc. 1998
300 ## - PHYSICAL DESCRIPTION
Extent ix, 513p
Dimensions cm.
490 ## - SERIES STATEMENT
Series statement Symposium on Internal Migration and Urbanization
500 ## - GENERAL NOTE
General note Bibliography chapterwise
650 ## - SUBJECT ADDED ENTRY--TOPICAL TERM
Topical term or geographic name entry element Anthropogeography
9 (RLIN) 277387
650 ## - SUBJECT ADDED ENTRY--TOPICAL TERM
Topical term or geographic name entry element Migrtion
9 (RLIN) 296384
942 ## - ADDED ENTRY ELEMENTS (KOHA)
Classification part U42.1(X).N9, N8
Koha item type General Books
Source of classification or shelving scheme Colon Classification (CC)
Holdings
Withdrawn status Lost status Damaged status Not for loan Home library Current library Date acquired Total Checkouts Full call number Barcode Date last seen Price effective from Koha item type
        Ratan Tata Library Ratan Tata Library 2022-09-25   U42.1(X).N9 N8 RT1136318 2022-09-25 2022-09-25 General Books
Copyright @ Delhi University Library System